00398 2200169 4500245003800000020001800038250001100056100001200067700002400079650001700103005001900120260003100139041001400170084000800184300002700192336000900219 aListen to My HeartcInka R.hText a979-795-702-0 aCet. 2 aInka R. aAndri Agus Fabianto aNovel Remaja a20230607111413 aJakartabWahyu Mediac2013 aIndonesia a813 avi, 254 hlm. :c19 cm. atext